Die Besiedlung des Oppalandes im 12. und 13. Jahrhundert

Titel: Die Besiedlung des Oppalandes im 12. und 13. Jahrhundert / von Walther Latzke
Verfasser:
In: Verein für Geschichte Schlesiens: Zeitschrift des Vereins für Geschichte Schlesiens, Band 72 (1938), Seite 44-135
alle Artikel anzeigen
Veröffentlicht: 1938
Format: Aufsatz
Sprache: Deutsch
Kein Bild verfügbar
X
Lokale Klassifikation: 25 3 G
alg: 13379750
001A    $03004:02-11-05 
001B    $06050:09-11-07 $t13:05:33.000 
001D    $03004:02-11-05 
001U    $0utf8 
001X    $00 
002@    $0Aou 
003@    $0133797503 
010@    $ager 
011@    $a1938 
021A    $aDie @Besiedlung des Oppalandes im 12. und 13. Jahrhundert $hvon Walther Latzke 
028A    $7 $8Latzke, Walther [Tnd] $9141276304 
031A    $d72 $h44-135 $j1938 
039B    $aIn $8--Abvc--Verein für Geschichte Schlesiens [Tb1]. Zeitschrift des Vereins für Geschichte Schlesiens. - Breslau : Trewendt & Garnier, 1906-1943 $x193800000720000956 $9047252138 
045T    $a9,10 

lok: 13379750 24
101B    $002-11-05 $t10:06:39.000 
101C    $002-11-05 
145Z/01 $a25 3 G 
101U    $0utf8 

exp: 13379750 24 1 #EPN
201B/01 $002-11-05 $t10:06:39.000 
201C/01 $002-11-05 
203@/01 $0313129657 
208@/01 $a02-11-05 $br 
209A/01 $a25 III G 4 $du $f050 $h25 3 G 4 $x00 
209C/01 $a48 K 1951 $h51 0048 K 
209G/01 $a71231925 $x00 
220C/01 $agro 
237A/01 $aKopie 
247C/01 $8358050-7 Marburg, Bibliothek des Herder-Instituts Marburg $9102600961 
201U/01 $0utf8
LEADER 00000caa a2200000 c 4500
001 133797503
003 DE-603
005 20071109130533.0
007 tu
008 051102s1938 xx |||| | u00||u|ger c
035 |a (DE-599)HEB133797503 
040 |a DE-603  |b ger  |c DE-603  |d DE-603 
041 |a ger 
084 |a 9,10  |2 ssgn 
100 1 |a Latzke, Walther  |0 (DE-603)141276304 
245 0 0 |a ˜Dieœ Besiedlung des Oppalandes im 12. und 13. Jahrhundert  |c von Walther Latzke 
264 0 |c 1938 
773 0 8 |i In  |a Verein für Geschichte Schlesiens  |t Zeitschrift des Vereins für Geschichte Schlesiens  |d Breslau : Trewendt & Garnier, 1906-1943  |g Band 72 (1938), Seite 44-135  |w (DE-603)047252138  |w (DE-600)200433-1 
924 0 |9 Mb 50  |a (DE-603)313129657  |b DE-Mb50  |c HES  |d c  |g 25 III G 4